Unova Elite Four Pokémon - Statistics

General Stats
  • This quiz has been taken 338 times
  • The average score is 38 of 54
Answer Stats
Hint Answer % Correct
Shauntal BW Chandelure
95%
Alder BW2 Chandelure
95%
Marshall BW Sawk
94%
Marshall BW Throh
93%
Iris BW2 Haxorus
92%
Marshall BW Conkeldurr
91%
Alder BW2 Conkeldurr
91%
Caitlin BW Gothitelle
90%
Caitlin BW Reuniclus
88%
Alder BW2 Reuniclus
88%
Shauntal BW Cofagrigus
87%
Iris BW2 Hydreigon
87%
Shauntal BW Golurk
86%
Grimsley BW Liepard
85%
Grimsley BW Bisharp
82%
Marshall BW Mienshao
82%
Caitlin BW Musharna
82%
Alder BW Volcarona
81%
Alder BW Druddigon
79%
Iris BW2 Druddigon
79%
Shauntal BW2 Gengar
79%
Shauntal BW Jellicent
79%
Marshall BW2 Machamp
78%
Alder BW Bouffalant
76%
Grimsley BW Scrafty
76%
Grimsley BW Krookodile
75%
Alder BW2 Krookodile
75%
Caitlin BW Sigilyph
71%
Shauntal BW2 Mismagius
70%
Alder BW Accelgor
69%
Shauntal BW2 Banette
68%
Marshall BW2 Lucario
68%
Iris BW2 Archeops
67%
Alder BW Escavalier
67%
Iris BW2 Lapras
63%
Shauntal BW Drifblim
62%
Marshall BW2 Medicham
61%
Caitlin BW2 Alakazam
59%
Iris BW2 Aggron
57%
Grimsley BW2 Absol
56%
Grimsley BW2 Honchkrow
55%
Caitlin BW2 Gallade
54%
Iris BW2 Salamence
53%
Grimsley BW Sharpedo
53%
Alder BW Vanilluxe
53%
Shauntal BW Froslass
49%
Caitlin BW Metagross
49%
Marshall BW Breloom
48%
Grimsley BW2 Houndoom
47%
Alder BW2 Braviary
42%
Grimsley BW2 Tyranitar
42%
Caitlin BW Bronzong
41%
Grimsley BW Drapion
39%
Marshall BW Toxicroak
38%
No matching quizzes found
Score Distribution
Percent of People with Each Score
Percentile by Number Answered
Your Score History
You have not taken this quiz